000 00282nam a2200133Ia 4500
100 _aThompson/R.G
942 _cBK
654 _aModular Approach
245 _aBasic a Modular Approach
260 _bC B S Pub.
_aDelhi
_c1986
082 _a1.6
300 _a366
546 _aENGLISH
999 _c28863
_d28863